[Event "Ruhrgebiet Verbandsliga Gruppe 1 1819"]
[Site "Nordrheinwestfalen"]
[Date "2018.12.02"]
[Round "4.5"]
[White "Broksch, Dirk"]
[Black "Hochstein, Udo"]
[Result "1/2-1/2"]
[WhiteElo "1844"]
[BlackElo "1892"]
[PlyCount "107"]
[EventDate "2018.09.23"]
[EventType "team-tourn"]
[EventRounds "9"]
[EventCountry "GER"]
[SourceTitle "EXT 2022"]
[Source "ChessBase"]
[SourceDate "2021.10.06"]
[SourceVersion "1"]
[SourceVersionDate "2021.10.06"]
[SourceQuality "1"]
[WhiteTeam "Erkenschwick II"]
[BlackTeam "Bochum-Linden"]
[WhiteTeamCountry "GER"]
[BlackTeamCountry "GER"]

1. d4 Nf6 2. Nf3 g6 3. Bf4 Bg7 4. h3 b6 5. e3 Bb7 6. Be2 0-0 7. 0-0 d6 8. c4 c5 9. Nc3 cxd4 10. exd4 Nbd7 11. Re1 Rc8 12. Bf1 Re8 13. Rc1 Nh5 14. Be3 h6 15. d5 Nhf6 16. Qd2 h5 17. b4 a5 18. b5 Nc5 19. Bf4 Qc7 20. Bg3 Kf8 21. Nd4 Ng8 22. Rcd1 Ra8 23. Nc6 Nh6 24. Bf4 Ng8 25. Ne4 Nxe4 26. Rxe4 Bc8 27. Rde1 Bf5 28. R4e3 Bf6 29. Rf3 Kg7 30. Bd3 Bxd3 31. Qxd3 a4 32. Qd2 a3 33. Qb4 Bb2 34. Rfe3 Qd7 35. R3e2 Bf6 36. Be3 Qc7 37. Bc1 Nh6 38. Bxa3 Nf5 39. Bb2 Bxb2 40. Qxb2+ Kg8 41. Qc2 Qd7 42. Qd3 e5 43. dxe6 Rxe6 44. Rxe6 fxe6 45. g4 hxg4 46. hxg4 Nh4 47. Qg3 g5 48. Qe3 Kf7 49. Rd1 Qc7 50. Qe4 Rg8 51. Qd3 Ng6 52. Qxd6 Qxd6 53. Rxd6 Ra8 54. Rd2 1/2-1/2

[Event "GER-chT Betriebe 17th"]
[Site "Berlin"]
[Date "2017.11.04"]
[Round "6.3"]
[White "Broksch, Dirk"]
[Black "Schildt, Rene"]
[Result "0-1"]
[WhiteElo "1902"]
[BlackElo "2112"]
[PlyCount "72"]
[EventDate "2017.11.02"]
[EventType "team-swiss"]
[EventRounds "7"]
[EventCountry "GER"]
[SourceTitle "EXT 2020"]
[Source "ChessBase"]
[SourceDate "2019.10.17"]
[SourceVersion "1"]
[SourceVersionDate "2019.10.17"]
[SourceQuality "1"]
[WhiteTeam "Essen RWE"]
[BlackTeam "Berlin Tempelhof"]
[WhiteTeamCountry "GER"]
[BlackTeamCountry "GER"]

1. d4 Nf6 2. Nf3 g6 3. Bf4 Bg7 4. e3 0-0 5. h3 c5 6. c3 d5 7. dxc5 Ne4 8. Be2 Nc6 9. Nbd2 Nxc5 10. 0-0 h6 11. Nb3 Ne4 12. Nfd2 Ng5 13. Nf3 e5 14. Bxg5 hxg5 15. Qd2 e4 16. Nfd4 Be5 17. Rad1 Kg7 18. f4 gxf4 19. exf4 Bc7 20. Qe3 Qf6 21. Qg3 Ne7 22. Qg5 Qd6 23. Qg3 Bd7 24. Kh1 a6 25. Qf2 Rh8 26. Kg1 Rh6 27. Bg4 f5 28. Be2 g5 29. Qg3 Rg6 30. Kf2 gxf4 31. Qh2 Rg3 32. Ke1 Kh8 33. Kd2 Rag8 34. Rg1 Qh6 35. Kc2 Qg6 36. Kc1 Bb8 0-1

[Event "Ruhrgebiet Verbandsklasse 1617 Aufstieg"]
[Site "Germany"]
[Date "2017.05.28"]
[Round "1.6"]
[White "Budde, Uwe"]
[Black "Broksch, Dirk"]
[Result "1/2-1/2"]
[WhiteElo "1732"]
[BlackElo "1841"]
[PlyCount "63"]
[EventDate "2017.05.28"]
[EventType "team-tourn"]
[EventRounds "3"]
[EventCountry "GER"]
[SourceTitle "EXT 2022"]
[Source "ChessBase"]
[SourceDate "2021.10.06"]
[SourceVersion "1"]
[SourceVersionDate "2021.10.06"]
[SourceQuality "1"]
[WhiteTeam "Boenen SV"]
[BlackTeam "Erkenschwick II"]
[WhiteTeamCountry "GER"]
[BlackTeamCountry "GER"]

1. Nf3 Nf6 2. d3 g6 3. c3 Bg7 4. Bg5 0-0 5. Nbd2 d5 6. e4 dxe4 7. dxe4 h6 8. Bh4 g5 9. Bg3 Nh5 10. Be5 Nf6 11. h3 b6 12. Qc2 Bb7 13. Rd1 Qc8 14. Bc4 Nc6 15. Bh2 Na5 16. Bd3 c5 17. e5 Nd5 18. Bf5 e6 19. Bh7+ Kh8 20. Ne4 Nc4 21. 0-0 f5 22. exf6 Nxf6 23. Nxf6 Bxf6 24. b3 Bxf3 25. gxf3 Ne5 26. Be4 Rb8 27. Rd6 Qe8 28. Rfd1 Rg8 29. Qd2 Rg7 30. Kg2 Rc8 31. Qe3 Nf7 32. R6d2 1/2-1/2

[Event "Ruhrgebiet Verbandsklasse Gruppe 3 1617"]
[Site "Germany"]
[Date "2017.03.12"]
[Round "8.4"]
[White "Broksch, Dirk"]
[Black "Birnkraut, Tim"]
[Result "1/2-1/2"]
[WhiteElo "1799"]
[BlackElo "1891"]
[PlyCount "79"]
[EventDate "2016.09.04"]
[EventType "team-tourn"]
[EventRounds "9"]
[EventCountry "GER"]
[SourceTitle "EXT 2022"]
[Source "ChessBase"]
[SourceDate "2021.10.06"]
[SourceVersion "1"]
[SourceVersionDate "2021.10.06"]
[SourceQuality "1"]
[WhiteTeam "Erkenschwick II"]
[BlackTeam "Brackel SF III"]
[WhiteTeamCountry "GER"]
[BlackTeamCountry "GER"]

1. d4 d5 2. Nf3 c6 3. e3 Nf6 4. c4 e6 5. Nc3 Nbd7 6. Be2 dxc4 7. Bxc4 b5 8. Be2 a6 9. 0-0 Bb7 10. Re1 c5 11. a3 c4 12. Qc2 Nb6 13. e4 Qc7 14. Bg5 Be7 15. Rad1 Rd8 16. h3 Ng8 17. Qc1 Bxg5 18. Qxg5 f6 19. Qe3 Ne7 20. Nh4 0-0 21. Bg4 Bc8 22. f4 f5 23. exf5 Nxf5 24. Bxf5 exf5 25. Qe5 Qxe5 26. dxe5 Kf7 27. Nf3 h6 28. Kf2 Be6 29. Nd4 Rd7 30. Nc6 Rc8 31. Nb4 Ra8 32. Rxd7+ Nxd7 33. Rd1 Nc5 34. Rd6 a5 35. Nc6 Nd3+ 36. Ke3 b4 37. Nd8+ Rxd8 38. Rxd8 bxc3 39. bxc3 Ne1 40. Rd2 1/2-1/2

[Event "GER-chT Betriebe 16th"]
[Site "Dresden"]
[Date "2016.11.05"]
[Round "6.4"]
[White "Broksch, Dirk"]
[Black "Launert, Martin"]
[Result "0-1"]
[WhiteElo "1902"]
[BlackElo "1880"]
[PlyCount "55"]
[EventDate "2016.11.03"]
[EventType "team-swiss"]
[EventRounds "7"]
[EventCountry "GER"]
[SourceTitle "EXT 2020"]
[Source "ChessBase"]
[SourceDate "2019.10.17"]
[SourceVersion "1"]
[SourceVersionDate "2019.10.17"]
[SourceQuality "1"]
[WhiteTeam "Essen RWE"]
[BlackTeam "Wiesbaden R+V Versicherung"]
[WhiteTeamCountry "GER"]
[BlackTeamCountry "GER"]

1. d4 d5 2. Nf3 Nf6 3. e3 Bg4 4. c4 dxc4 5. Bxc4 e6 6. Qb3 Bxf3 7. gxf3 Nbd7 8. Qxb7 c5 9. dxc5 Bxc5 10. Nc3 0-0 11. f4 Nb6 12. Be2 Nfd5 13. a3 Nxc3 14. bxc3 Qf6 15. Bd2 Nd5 16. Qb2 Qh4 17. 0-0 f5 18. Kh1 Rab8 19. Qc2 Rf6 20. Rg1 Qxf2 21. Be1 Qxe3 22. Rg3 Qxf4 23. Rxg7+ Kxg7 24. Bg3 Qe3 25. Bxb8 Rg6 26. Bg3 f4 27. Qd3 fxg3 28. Qxe3 0-1

[Event "GER-chT Betriebe 16th"]
[Site "Dresden"]
[Date "2016.11.05"]
[Round "5.4"]
[White "Kuhne, Detlev"]
[Black "Broksch, Dirk"]
[Result "1-0"]
[WhiteElo "2131"]
[BlackElo "1902"]
[PlyCount "61"]
[EventDate "2016.11.03"]
[EventType "team-swiss"]
[EventRounds "7"]
[EventCountry "GER"]
[SourceTitle "EXT 2020"]
[Source "ChessBase"]
[SourceDate "2019.10.17"]
[SourceVersion "1"]
[SourceVersionDate "2019.10.17"]
[SourceQuality "1"]
[WhiteTeam "Berlin Deutsche Bahn/BSW"]
[BlackTeam "Essen RWE"]
[WhiteTeamCountry "GER"]
[BlackTeamCountry "GER"]

1. Nf3 d5 2. d4 Nf6 3. c4 c6 4. e3 g6 5. Nc3 Bg7 6. Bd3 0-0 7. 0-0 dxc4 8. Bxc4 Bg4 9. h3 Bxf3 10. Qxf3 Nbd7 11. Rd1 Nb6 12. Bb3 e6 13. e4 h6 14. Be3 Qe7 15. a3 Rfe8 16. Rac1 Rac8 17. e5 Nfd5 18. Ne4 Red8 19. Nd6 Ra8 20. Qe4 Nxe3 21. fxe3 Nc8 22. Nc4 Nb6 23. Nd2 Nd5 24. Qf3 Nc7 25. Ne4 Ne8 26. Rf1 Rd7 27. Rf2 Rc8 28. Rcf1 a6 29. Qg3 Qd8 30. Nc5 Re7 31. Rxf7 1-0

[Event "GER-chT Betriebe 15th"]
[Site "Munich"]
[Date "2015.10.22"]
[Round "1.2"]
[White "Bonacci, Mauro"]
[Black "Broksch, Dirk"]
[Result "1-0"]
[WhiteElo "2142"]
[BlackElo "1917"]
[PlyCount "67"]
[EventDate "2015.10.22"]
[EventType "team-swiss"]
[EventRounds "7"]
[EventCountry "GER"]
[SourceTitle "EXT 2020"]
[Source "ChessBase"]
[SourceDate "2019.10.17"]
[SourceVersion "1"]
[SourceVersionDate "2019.10.17"]
[SourceQuality "1"]
[WhiteTeam "Muenchen Bayerische Landesb"]
[BlackTeam "Essen RWE"]
[WhiteTeamCountry "GER"]
[BlackTeamCountry "GER"]

1. e4 c5 2. Nc3 e6 3. g3 d6 4. Bg2 Nf6 5. Nge2 Be7 6. 0-0 0-0 7. d4 cxd4 8. Nxd4 a6 9. a4 Qc7 10. Be3 Nbd7 11. f4 Rb8 12. g4 Nb6 13. g5 Nfd7 14. Nce2 Nc4 15. Bc1 b6 16. b3 Na5 17. Ng3 Bb7 18. Be3 Rfc8 19. Rc1 Qc3 20. Qf3 g6 21. h4 Qc7 22. h5 Nc6 23. Nxc6 Qxc6 24. Bd4 Qc7 25. hxg6 hxg6 26. Qg4 d5 27. Qh4 e5 28. fxe5 Nxe5 29. exd5 Bc5 30. c4 Bxd4+ 31. Qxd4 Qc5 32. Qxc5 Rxc5 33. Rce1 Re8 34. Ne4 1-0

[Event "Oberliga NRW 1213"]
[Site "Germany"]
[Date "2012.10.21"]
[Round "2.8"]
[White "Henrichs, Wenke"]
[Black "Broksch, Dirk"]
[Result "1/2-1/2"]
[WhiteElo "2007"]
[BlackElo "1783"]
[PlyCount "104"]
[EventDate "2012.09.16"]
[EventType "team-tourn"]
[EventRounds "9"]
[EventCountry "GER"]
[SourceTitle "EXT 2017"]
[Source "ChessBase"]
[SourceDate "2016.10.25"]
[SourceVersion "1"]
[SourceVersionDate "2016.10.25"]
[SourceQuality "1"]
[WhiteTeam "Bochum Wattenscheid II"]
[BlackTeam "Erkenschwick"]
[WhiteTeamCountry "GER"]
[BlackTeamCountry "GER"]

1. d4 Nf6 2. c4 e6 3. Nc3 d5 4. cxd5 exd5 5. Bg5 c6 6. e3 Be7 7. Qc2 h6 8. Bf4 Nh5 9. Be5 Nd7 10. Nf3 Nhf6 11. h3 Nb6 12. Bd3 Bd6 13. Bxd6 Qxd6 14. 0-0 Be6 15. Ne5 0-0 16. f4 Rad8 17. Rae1 Bc8 18. Qf2 Nfd7 19. Qg3 f5 20. Kh1 Nf6 21. Qf3 Ne4 22. Rg1 Kh7 23. g4 g6 24. gxf5 gxf5 25. Rg2 Qf6 26. Reg1 Rg8 27. Qh5 Rxg2 28. Rxg2 Rg8 29. Rxg8 Kxg8 30. Kg2 Qg7+ 31. Qg6 Qxg6+ 32. Nxg6 Kf7 33. Ne5+ Kf6 34. Bxe4 dxe4 35. Kf2 Be6 36. a3 Bb3 37. Ke2 Bc4+ 38. Kd2 Bf1 39. h4 Nc4+ 40. Nxc4 Bxc4 41. Ke1 Bb3 42. Ne2 Ke7 43. Ng3 Be6 44. Kd2 Kd6 45. Kc3 Ke7 46. Kb4 b6 47. Kc3 Kf6 48. a4 Bc8 49. b4 Ba6 50. a5 Bd3 51. Kd2 Bc4 52. Kc3 Bd3 1/2-1/2

[Event "Ruhrgebiet VK2 0304"]
[Site "Ruhrgebiet"]
[Date "2004.04.25"]
[Round "9.8"]
[White "Broksch, Dirk"]
[Black "Schroeer, Oliver"]
[Result "0-1"]
[WhiteElo "1679"]
[BlackElo "1197"]
[PlyCount "69"]
[EventDate "2003.09.28"]
[EventType "team"]
[EventRounds "9"]
[EventCountry "GER"]
[SourceTitle "EXT 2007"]
[Source "ChessBase"]
[SourceDate "2006.11.23"]
[SourceVersion "1"]
[SourceVersionDate "2006.11.23"]
[SourceQuality "1"]
[WhiteTeam "Erkenschwick II"]
[BlackTeam "Eving SV Rochade"]
[WhiteTeamCountry "GER"]
[BlackTeamCountry "GER"]

1. d4 d5 2. Nf3 e6 3. Bf4 c5 4. c3 Nf6 5. e3 Nc6 6. Be2 c4 7. Nbd2 b5 8. Qc2 Bd7 9. 0-0 Be7 10. h3 h5 11. e4 dxe4 12. Nxe4 Nh7 13. Nd6+ Kf8 14. Nxb5 g5 15. Bd6 Bxd6 16. Nxd6 g4 17. Nh2 Qh4 18. Qe4 f5 19. Qf4 Ne7 20. Bxc4 Ng5 21. Qg3 Qxg3 22. fxg3 gxh3 23. gxh3 Nxh3+ 24. Kg2 Ng5 25. Kf2 Rh6 26. Nf3 Nxf3 27. Kxf3 e5 28. dxe5 Ng6 29. Ke3 Nxe5 30. Rxf5+ Bxf5 31. Nxf5 Nxc4+ 32. Kd4 Rf6 33. Kxc4 Rxf5 34. Re1 Rc8+ 35. Kd4 0-1